| 000 | 00796nam a2200229Ia 4500 | ||
|---|---|---|---|
| 001 | 11338 | ||
| 003 | GE_BSU | ||
| 008 | 181216s||||||||xx |||||||||||||| ||und|| | ||
| 040 | _cGE_BSU | ||
| 080 | _a543.062(075.8) | ||
| 100 | _aდადუნაშვილი ლ.ი. | ||
| 245 | _aრაოდენობითი ანალიზი | ||
| 245 | _bსახელმძღვ. სამედიცინო ინ–ტის სტუდენტთათვის | ||
| 245 | _cრედ: ალ. აბულაძე | ||
| 260 | _aთბილისი | ||
| 260 | _bსაქმედგამი | ||
| 260 | _c1956 | ||
| 300 | _a325გვ.22სმ. | ||
| 300 | _bცხრილები | ||
| 653 | _aრაოდენობითი ანალიზი | ||
| 942 | _cBK | ||
| 999 |
_c44535 _d44535 |
||